00565nam a2200193Ia 450000500170000000800410001702000180005804100120007608200150008810000180010324500550012125000120017626000620018830000190025065000300026965000260029965000270032565000190035220260429111926.0260429s9999||||xx |||||||||||||| ||und|| a9789360802493 aEnglish a294.5bKEU aKeul, Istvan  0aConsecration rituals in south Asia / cIstvan Keul a1st ed. aNew Delhi : bManohar Publishers and Distributors,c2024. aix, 395 p.; hb a Anthropology of religion a Religious ceremonies a South Asian religions aRitual studies